00533nam a2200193 a 4500001001300000003000900013005001700022008004100039020001000080082001500090100002700105245008000132260003000212300000900242500003500251505001500286650001100301700002700312nice12345678IN_TiNIC20260116012222.0050524s0000 lona grp 000 0 eng  ac10000a263.3bHES aHessey, James Augustus aSundayb Its Origin History and Present Obligation Considered in 8 Lectures aLondonbJohn Murrayc0000 a450p aincludes index and biblioraphy2 aGlo. Index aSunday1 aHessey, James Augustus